Contos Fora da Moda (Record no. 47928)

MARC details
000 -LÍDER
campo de controle de tamanho fixo 00328 a2200145 4500
001 - NÚMERO DE CONTROLE
campo de controle 47928
020 ## - ISBN - INTERNATIONAL STANDARD BOOK NUMBER
ISBN - International Standard Book Number 978-85-359-1634-8
040 ## - FONTE DA CATALOGAÇÃO
Instituição que transcreveu o registro Anchieta - Aquarius
100 ## - ENTRADA PRINCIPAL--NOME PESSOAL
Nome pessoal Azevedo, Artur
240 10 - TÍTULO UNIFORME
Título uniforme Contos Fora da Moda
Idioma da obra por
245 10 - TÍTULO
Título Contos Fora da Moda
300 ## - DESCRIÇÃO FÍSICA
Extensão 69
650 #4 - ASSUNTO--TERMO TÓPICO
Cabeçalho tópico ou nome geográfico Literatura brasileira
942 ## - ELEMENTOS DE ENTRADA ADICIONADOS (KOHA)
Tipo de material Koha Livros
Holdings
Situação do descarte Situação das perdas Situação física Não pode ser emprestado Biblioteca de origem Biblioteca atual Data de aquisição Total de empréstimos Número de chamada completo Código de barras Data de último acesso Data do preço efetivo Tipo de material Koha
        Colégio Anchieta - Aquarius Colégio Anchieta - Aquarius 21/11/2023   869.93 AZE CON 7035/AQU 21/11/2023 21/11/2023 Livros